[Event "2. Bundesliga Mitte 2009/2010"]
[Site "Gleisdorf"]
[Date "2009.10.11"]
[Round "2"]
[Board "3"]
[White "Sandhoefner, Florian"]
[Black "Petre, Nad-Titus"]
[Result "0-1"]
[WhiteElo "2160"]
[BlackElo "2410"]
[PlyCount "58"]
[EventDate "2009.10.10"]
[EventType "team"]
[EventRounds "11"]
[EventCountry "AUT"]
[WhiteTeam "ASK St. Valentin"]
[BlackTeam "Strassenbahn Graz"]

1.e4 c5 2.Nf3 e6 3.d4 cxd4 4.Nxd4 a6 5.Bd3 Nf6 6.O-O Qc7 7.Qe2 Bd6 8.Kh1 Nc6
9.Nxc6 dxc6 10.f4 e5 11.f5 b5 12.a4 Bb7 13.Bg5 Be7 14.Nd2 O-O 15.Ra2 Rfd8
16.Rfa1 b4 17.a5 c5 18.Nc4 b3 19.cxb3 Nxe4 20.Be3 Nf6 21.Nb6 Qc6 22.Rg1 Rab8
23.b4 cxb4 24.Raa1 Ng4 25.Rac1 Qf6 26.Qxg4 Rxd3 27.Rge1 Qh4 28.Qxh4 Bxh4 29.Re2
Rbd8

[Event "2. Bundesliga Mitte 2009/2010"]
[Site "Gleisdorf"]
[Date "2009.10.11"]
[Round "2"]
[Board "4"]
[White "Pesorda, Ivan"]
[Black "Kranzl, Peter"]
[Result "1-0"]
[WhiteElo "2256"]
[BlackElo "2285"]
[PlyCount "75"]
[EventDate "2009.10.10"]
[EventType "team"]
[EventRounds "11"]
[EventCountry "AUT"]
[WhiteTeam "Strassenbahn Graz"]
[BlackTeam "ASK St. Valentin"]

1.d4 Nf6 2.Nf3 g6 3.c4 c5 4.d5 b5 5.cxb5 a6 6.b6 Qxb6 7.Nc3 Bg7 8.e4 d6 9.Be2
O-O 10.O-O a5 11.Nd2 Ba6 12.Nc4 Qc7 13.a4 Nbd7 14.Re1 Rfb8 15.h3 Rb4 16.Na3 Nxe4
17.Nxe4 Rxe4 18.Bxa6 Rxe1+ 19.Qxe1 Rxa6 20.Qxe7 Bf6 21.Qe2 Qb7 22.Bh6 Ra8 23.Nb5
Nb6 24.Re1 Qd7 25.b3 Be5 26.f4 Bf6 27.Qe4 Rd8 28.Nxd6 Bd4+ 29.Kh2 Bc3 30.Re2 Bf6
31.Ne8 Bd4 32.Nd6 Bf6 33.Nb7 Rc8 34.d6 Bg7 35.Bxg7 Kxg7 36.Qe5+ Kg8 37.Nxa5 f5
38.Qe7 {und Weiss gewann nach 46 Zügen!}

[Event "2. Bundesliga Mitte 2009/2010"]
[Site "Gleisdorf"]
[Date "2009.10.11"]
[Round "2"]
[Board "5"]
[White "Heimberger, Reinhard"]
[Black "Krebs, Johann"]
[Result "1-0"]
[WhiteElo "2257"]
[BlackElo "2218"]
[PlyCount "81"]
[EventDate "2009.10.10"]
[EventType "team"]
[EventRounds "11"]
[EventCountry "AUT"]
[WhiteTeam "ASK St. Valentin"]
[BlackTeam "Strassenbahn Graz"]

1.g3 g6 2.Bg2 c5 3.e4 Bg7 4.Ne2 Nc6 5.O-O e6 6.c3 Nge7 7.d4 cxd4 8.cxd4 d5 9.e5
f6 10.exf6 Bxf6 11.Na3 Nf5 12.Nc2 Qb6 13.b3 Ncxd4 14.Nexd4 Nxd4 15.Be3 e5 16.f4
Bf5 17.fxe5 Bxc2 18.Qxd4 Qxd4 19.Bxd4 Bg5 20.Bxd5 O-O-O 21.Be6+ Kb8 22.Bc5 Rhe8
23.Bd6+ Ka8 24.Bf7 Be3+ 25.Kg2 Be4+ 26.Kh3 Rxd6 27.exd6 Re5 28.g4 h5 29.Be6 a5
30.d7 Bg5 31.Rf8+ Ka7 32.Re8 Bc6 33.gxh5 gxh5 34.Rg1 Bf6 35.Kg3 Rg5+ 36.Kf2 Bd4+
37.Ke2 Re5+ 38.Kd3 Bxg1 39.d8=Q Be4+ 40.Kd2 Bxh2 41.Qd4+

[Event "2. Bundesliga Mitte 2009/2010"]
[Site "Gleisdorf"]
[Date "2009.10.11"]
[Round "2"]
[Board "6"]
[White "Schink, Barbara"]
[Black "Petroczi, Thomas"]
[Result "1/2-1/2"]
[WhiteElo "2057"]
[BlackElo "2203"]
[PlyCount "105"]
[EventDate "2009.10.10"]
[EventType "team"]
[EventRounds "11"]
[EventCountry "AUT"]
[WhiteTeam "Strassenbahn Graz"]
[BlackTeam "ASK St. Valentin"]

1.e4 c6 2.d4 d5 3.Nc3 dxe4 4.Nxe4 Bf5 5.Ng3 Bg6 6.h4 h6 7.Nf3 Nd7 8.h5 Bh7 9.Bd3
Bxd3 10.Qxd3 Ngf6 11.Bd2 Qc7 12.O-O-O e6 13.Ne4 Nxe4 14.Qxe4 Nf6 15.Qe2 O-O-O
16.Kb1 Bd6 17.g3 Rhe8 18.c4 Nd7 19.Bc3 Bf8 20.Rhe1 Nf6 21.Ne5 c5 22.f4 Bd6
23.Nd3 Kb8 24.dxc5 Bxc5 25.Ne5 Qe7 26.g4 Bb6 27.a3 Rxd1+ 28.Rxd1 Rd8 29.g5 Ng8
30.Bb4 Qe8 31.Bd6+ Bc7 32.Bxc7+ Kxc7 33.Rxd8 Kxd8 34.Qe3 a6 35.Qd4+ Kc8 36.c5 f6
37.Nc4 Qc6 38.Nd6+ Kc7 39.Ne4 Qd5 40.Qe3 Ne7 41.gxf6 gxf6 42.Nxf6 Qf5+ 43.Ne4
Nd5 44.Qd4 Nxf4 45.Ka1 Nxh5 46.Qd6+ Kc8 47.Nc3 Qf1+ 48.Ka2 Qc4+ 49.Ka1 Nf4
50.Qf8+ Kc7 51.Qd6+ Kc8 52.Qf8+ Kc7 53.Qd6+

[Event "2. Bundesliga Mitte 2009/2010"]
[Site "Gleisdorf"]
[Date "2009.10.11"]
[Round "2"]
[Board "1"]
[White "Reichmann, Egon"]
[Black "Rogic, Davor"]
[Result "0-1"]
[WhiteElo "2331"]
[BlackElo "2559"]
[PlyCount "106"]
[EventDate "2009.10.10"]
[EventType "team"]
[EventRounds "11"]
[EventCountry "AUT"]
[WhiteTeam "Admira Villach"]
[BlackTeam "SV Signum Siebdruck St. Veit/Glan"]

1.d4 d5 2.Nf3 Nf6 3.c4 c6 4.Nc3 dxc4 5.a4 Na6 6.e4 Bg4 7.Bxc4 Bxf3 8.gxf3 e6
9.Rg1 Nb4 10.Be3 g6 11.Qb3 Be7 12.O-O-O Qc7 13.Bh6 O-O-O 14.Kb1 a5 15.Bg7 Rhe8
16.Rc1 Qf4 17.d5 exd5 18.exd5 Qf5+ 19.Ka1 Nfxd5 20.Nxd5 Nxd5 21.Rge1 Bg5 22.Rxe8
Rxe8 23.Rd1 Rd8 24.Bc3 Qxf3 25.Bxa5 Qxb3 26.Bxb3 Rd7 27.Bc3 Bf4 28.h3 Kc7 29.Rd4
Bh2 30.Ba5+ b6 31.Bc3 f5 32.Rd1 Kd6 33.Bd4 Kc7 34.Bc3 Bf4 35.Rd4 Bg5 36.Rd1 Kd6
37.Bd4 Bd8 38.Bxd5 cxd5 39.b4 Ra7 40.a5 Ra8 41.Rc1 bxa5 42.b5 Rb8 43.Rc6+ Kd7
44.Rc5 Bb6 45.Rxd5+ Ke6 46.Re5+ Kd6 47.Bxb6 Rxb6 48.Re8 Rxb5 49.Rh8 Rb7 50.Ra8
Ke5 51.Rxa5+ Kf4 52.Ra3 Rb4 53.Rd3 g5

[Event "2. Bundesliga Mitte 2009/2010"]
[Site "Gleisdorf"]
[Date "2009.10.11"]
[Round "2"]
[Board "2"]
[White "Neubauer, Martin"]
[Black "Perhinig, Robert"]
[Result "1-0"]
[WhiteElo "2465"]
[BlackElo "2287"]
[PlyCount "85"]
[EventDate "2009.10.10"]
[EventType "team"]
[EventRounds "11"]
[EventCountry "AUT"]
[WhiteTeam "SV Signum Siebdruck St. Veit/Glan"]
[BlackTeam "Admira Villach"]

1.d4 d5 2.c4 e6 3.Nf3 Nf6 4.Nc3 Be7 5.Bg5 Nbd7 6.e3 O-O 7.Rc1 dxc4 8.Bxc4 b6
9.O-O Bb7 10.Qe2 Ne4 11.Nxe4 Bxe4 12.Bf4 Bd6 13.Bxd6 cxd6 14.Nd2 Bb7 15.Ba6 Rb8
16.Rc2 Rc8 17.Rfc1 Rxc2 18.Rxc2 Qb8 19.Bxb7 Qxb7 20.Qc4 Nf6 21.h3 d5 22.Qc7 Qa6
23.a3 Ne4 24.Nxe4 dxe4 25.Qc4 Qa5 26.Qc6 g6 27.Qxe4 Rd8 28.Qf4 Rd5 29.Qf6 Qa6
30.e4 Rd7 31.g4 Qb7 32.h4 Qb8 33.Kg2 Qd8 34.Qxd8+ Rxd8 35.Rd2 Kf8 36.Kf3 Ke7
37.Rd3 h5 38.g5 f6 39.gxf6+ Kxf6 40.Kf4 Rxd4 41.Rxd4 e5+ 42.Kg3 exd4 43.f4

[Event "2. Bundesliga Mitte 2009/2010"]
[Site "Gleisdorf"]
[Date "2009.10.11"]
[Round "2"]
[Board "3"]
[White "Frank, Paul"]
[Black "Jurkovic, Hrvoje"]
[Result "0-1"]
[WhiteElo "2287"]
[BlackElo "2423"]
[PlyCount "102"]
[EventDate "2009.10.10"]
[EventType "team"]
[EventRounds "11"]
[EventCountry "AUT"]
[WhiteTeam "Admira Villach"]
[BlackTeam "SV Signum Siebdruck St. Veit/Glan"]

1.Nf3 Nf6 2.g3 d6 3.Bg2 e5 4.O-O g6 5.c4 Bg7 6.d4 Nbd7 7.dxe5 dxe5 8.Nc3 O-O
9.h3 c6 10.Be3 Qe7 11.Qb3 Re8 12.Rfd1 Nc5 13.Qa3 Bf8 14.Ng5 h6 15.Bxc5 Qxc5
16.Qxc5 Bxc5 17.Nge4 Nxe4 18.Nxe4 Be7 19.Nd6 Bxd6 20.Rxd6 Be6 21.b3 Red8 22.Rad1
Rxd6 23.Rxd6 a5 24.g4 Kf8 25.Rd2 a4 26.Kh2 Ke7 27.e3 axb3 28.axb3 Ra3 29.Rb2 Kd6
30.Bf1 Ra1 31.Be2 Rc1 32.Kg3 b6 33.h4 Kc5 34.b4+ Kd6 35.Rd2+ Ke7 36.c5 bxc5
37.bxc5 Rxc5 38.Rb2 Rc1 39.Rb8 c5 40.f4 exf4+ 41.Kxf4 Kf6 42.h5 g5+ 43.Ke4 Rg1
44.Rb6 Kg7 45.Kf3 c4 46.Kf2 Rc1 47.Rc6 c3 48.Rc7 c2 49.e4 Bb3 50.Bc4 Bxc4
51.Rxc4 Rh1

[Event "2. Bundesliga Mitte 2009/2010"]
[Site "Gleisdorf"]
[Date "2009.10.11"]
[Round "2"]
[Board "4"]
[White "Mazi, Leon"]
[Black "Neff, Gregor"]
[Result "1-0"]
[WhiteElo "2375"]
[BlackElo "2157"]
[PlyCount "69"]
[EventDate "2009.10.10"]
[EventType "team"]
[EventRounds "11"]
[EventCountry "AUT"]
[WhiteTeam "SV Signum Siebdruck St. Veit/Glan"]
[BlackTeam "Admira Villach"]

1.e4 e6 2.d4 d5 3.exd5 exd5 4.Bd3 Nc6 5.c3 Bd6 6.Qf3 Nge7 7.Ne2 O-O 8.Bf4 Bxf4
9.Nxf4 Bf5 10.Nd2 Bxd3 11.Nxd3 Qd6 12.O-O b6 13.Rfe1 Ng6 14.g3 a5 15.a4 Rfe8
16.h4 Rad8 17.Nf1 f6 18.h5 Nh8 19.Nf4 Rxe1 20.Rxe1 Nf7 21.Qxd5 Qxd5 22.Nxd5 Ng5
23.Ne7+ Nxe7 24.Rxe7 c5 25.dxc5 bxc5 26.Kg2 Rb8 27.Re2 Nf7 28.Ne3 Ne5 29.f4 Nd3
30.Nc4 Kf8 31.Kf3 Nc1 32.Rd2 Nb3 33.Rd7 Kg8 34.Ke2 Re8+ 35.Kd1

[Event "2. Bundesliga Mitte 2009/2010"]
[Site "Gleisdorf"]
[Date "2009.10.11"]
[Round "2"]
[Board "5"]
[White "Frank, Dieter"]
[Black "Dietmayer-Kraeutler, Marco"]
[Result "1-0"]
[WhiteElo "2144"]
[BlackElo "2258"]
[PlyCount "79"]
[EventDate "2009.10.10"]
[EventType "team"]
[EventRounds "11"]
[EventCountry "AUT"]
[WhiteTeam "Admira Villach"]
[BlackTeam "SV Signum Siebdruck St. Veit/Glan"]

1.e4 e5 2.Nf3 Nc6 3.Bc4 Be7 4.O-O d6 5.c3 Nf6 6.d3 O-O 7.Re1 Na5 8.Bb5 a6 9.Ba4
b5 10.Bc2 Nc6 11.h3 Re8 12.Nbd2 Bf8 13.d4 Bb7 14.d5 Nb8 15.b3 c6 16.c4 Nbd7
17.Nf1 Qc7 18.Bg5 h6 19.Be3 Nc5 20.Ng3 g6 21.Qd2 Kh7 22.Nh2 Ncd7 23.Rac1 Nb6
24.Bd3 bxc4 25.bxc4 Nbd7 26.Ng4 Nxg4 27.hxg4 a5 28.f3 Nf6 29.Kf2 Ba6 30.Rh1 Ng8
31.Bxh6 Nxh6 32.Rxh6+ Kg8 33.Rch1 Bg7 34.Nf5 gxf5 35.Qg5 Qa7+ 36.Kf1 f6 37.Qg6
Kf8 38.Rh8+ Bxh8 39.Rxh8+ Ke7 40.Rxe8+

[Event "2. Bundesliga Mitte 2009/2010"]
[Site "Gleisdorf"]
[Date "2009.10.11"]
[Round "2"]
[Board "6"]
[White "Kuess, Mario"]
[Black "Hafner, Robert"]
[Result "0-1"]
[WhiteElo "2120"]
[BlackElo "2110"]
[PlyCount "84"]
[EventDate "2009.10.10"]
[EventType "team"]
[EventRounds "11"]
[EventCountry "AUT"]
[WhiteTeam "SV Signum Siebdruck St. Veit/Glan"]
[BlackTeam "Admira Villach"]

1.f4 d5 2.Nf3 c5 3.e3 Nc6 4.Be2 Nf6 5.O-O e6 6.d3 Be7 7.Qe1 b6 8.a4 O-O 9.Bd1
Bb7 10.Qg3 Qc7 11.Nc3 a6 12.e4 dxe4 13.dxe4 Nd4 14.e5 Ne4 15.Nxe4 Bxe4 16.c3 Nf5
17.Qh3 c4 18.Ne1 Rad8 19.Bf3 Bxf3 20.Qxf3 Rd7 21.Kh1 Bc5 22.g4 Nh4 23.Qg3 Qb7+
24.Ng2 Nxg2 25.Qxg2 Rfd8 26.Qxb7 Rxb7 27.f5 Rd5 28.Bf4 Rbd7 29.Rae1 Rd3 30.Re4
b5 31.axb5 axb5 32.Rfe1 h6 33.Kg2 Kh7 34.h4 Ra7 35.Be3 Bxe3 36.R4xe3 Ra2 37.R3e2
b4 38.cxb4 Rb3 39.Rc1 c3 40.fxe6 fxe6 41.Rec2 cxb2 42.Rb1 Rxb4

[Event "2. Bundesliga Mitte 2009/2010"]
[Site "Gleisdorf"]
[Date "2009.10.11"]
[Round "2"]
[Board "1"]
[White "Skoberne, Jure"]
[Black "Weiss, Christian"]
[Result "1-0"]
[WhiteElo "2509"]
[BlackElo "2421"]
[PlyCount "156"]
[EventDate "2009.10.10"]
[EventType "team"]
[EventRounds "11"]
[EventCountry "AUT"]
[WhiteTeam "ESV Austria Graz"]
[BlackTeam "Union Ansfelden"]

1.e4 c5 2.c3 e6 3.Nf3 d5 4.exd5 Qxd5 5.d4 Nf6 6.Be2 cxd4 7.cxd4 Bb4+ 8.Nc3 O-O
9.O-O Qa5 10.Qb3 Nbd7 11.a3 Be7 12.Bf4 Nb6 13.Ne5 Nbd5 14.Bg5 Qb6 15.Qxb6 Nxb6
16.Bf3 Rd8 17.Rfd1 Nfd5 18.Bxe7 Nxe7 19.a4 f6 20.a5 Nbd5 21.Nc4 Rb8 22.Ne3 Nxe3
23.fxe3 Bd7 24.Kf2 Bc6 25.e4 Rbc8 26.d5 exd5 27.exd5 Bd7 28.d6 Nc6 29.Nd5 Kf8
30.Nc7 Rb8 31.a6 Ne5 32.Bxb7 Nf7 33.Rd4 Bc8 34.Rad1 Kg8 35.d7 Bxb7 36.axb7 Rxb7
37.Ne6 Rxb2+ 38.R1d2 Rdb8 39.d8=Q+ Nxd8 40.Nxd8 Rxd2+ 41.Rxd2 a5 42.Nc6 Ra8
43.Ra2 a4 44.Ne7+ Kf7 45.Nd5 a3 46.Nb6 Ra7 47.Nc4 Ra4 48.Nxa3 h5 49.Ra1 g5
50.Nc2 Rf4+ 51.Kg1 Kg6 52.Rd1 Ra4 53.Rd4 Ra2 54.Rc4 h4 55.h3 Ra6 56.Ne3 Rb6
57.Nd5 Rb1+ 58.Kf2 Rb5 59.Ne3 Rb6 60.Rc5 Rb2+ 61.Kf3 Rb6 62.Rc3 Rd6 63.Ng4 Ra6
64.Rd3 Rb6 65.Nf2 Rb5 66.Ne4 Rf5+ 67.Ke3 Rf1 68.Rd6 Kg7 69.Ke2 Rf4 70.Nf2 Rf5
71.Ng4 Rf4 72.Ne3 Re4 73.Kd3 Rf4 74.Kd2 Rf2+ 75.Ke1 Rf4 76.Rd4 Rxd4 77.Nf5+ Kg6
78.Nxd4 f5

[Event "2. Bundesliga Mitte 2009/2010"]
[Site "Gleisdorf"]
[Date "2009.10.11"]
[Round "2"]
[Board "2"]
[White "Knoll, Hermann"]
[Black "Sakelsek, Tadej"]
[Result "1/2-1/2"]
[WhiteElo "2384"]
[BlackElo "2403"]
[PlyCount "72"]
[EventDate "2009.10.10"]
[EventType "team"]
[EventRounds "11"]
[EventCountry "AUT"]
[WhiteTeam "Union Ansfelden"]
[BlackTeam "ESV Austria Graz"]

1.d4 d5 2.Nf3 Nf6 3.c4 c6 4.Nc3 e6 5.e3 Nbd7 6.Qc2 Bd6 7.Be2 O-O 8.O-O dxc4
9.Bxc4 a6 10.Rd1 b5 11.Be2 Qc7 12.Bd2 e5 13.b4 Re8 14.h3 Bb7 15.Rac1 Qb6 16.Qb3
exd4 17.exd4 Nd5 18.Bd3 N7f6 19.a3 h6 20.Re1 Rxe1+ 21.Rxe1 Re8 22.Rxe8+ Nxe8
23.Ne4 Bc8 24.Nc5 Qc7 25.Qd1 Qe7 26.Qe1 Qxe1+ 27.Bxe1 f6 28.Nh4 Ne7 29.g4 Kf7
30.Bc2 g5 31.Bb3+ Kg7 32.Ng2 Nd5 33.Bxd5 cxd5 34.Ne3 Nc7 35.Kg2 Kg6 36.Bc3 Bf4

[Event "2. Bundesliga Mitte 2009/2010"]
[Site "Gleisdorf"]
[Date "2009.10.11"]
[Round "2"]
[Board "3"]
[White "Kotz, Heinz Peter"]
[Black "Ennsberger, Ulrich"]
[Result "1/2-1/2"]
[WhiteElo "2332"]
[BlackElo "2347"]
[PlyCount "111"]
[EventDate "2009.10.10"]
[EventType "team"]
[EventRounds "11"]
[EventCountry "AUT"]
[WhiteTeam "ESV Austria Graz"]
[BlackTeam "Union Ansfelden"]

1.e4 c6 2.d4 d5 3.e5 c5 4.dxc5 e6 5.Nf3 Nc6 6.Bd3 Bxc5 7.O-O Nge7 8.Bf4 Qc7
9.Bg3 Nb4 10.Bb5+ Bd7 11.Bxd7+ Qxd7 12.Nbd2 Rc8 13.Nb3 Bb6 14.c3 Nbc6 15.Qd3 h6
16.Rfe1 O-O 17.Bf4 Ng6 18.Bg3 Nge7 19.Bf4 Rfd8 20.Rad1 Qe8 21.Be3 Bxe3 22.Qxe3
Nf5 23.Qf4 Nce7 24.Nfd4 Rc4 25.Qd2 Rdc8 26.f4 a6 27.g4 Nxd4 28.Nxd4 Nc6 29.Qf2
Nxd4 30.Rxd4 Rxd4 31.cxd4 Qa4 32.b3 Qb4 33.f5 Rc3 34.Rd1 Qb5 35.Rf1 Qd3 36.fxe6
fxe6 37.Qf7+ Kh7 38.Qxe6 Qxd4+ 39.Kh1 Qe4+ 40.Kg1 Qd4+ 41.Kh1 Qe4+ 42.Kg1 Rc2
43.Qf5+ Qxf5 44.gxf5 Re2 45.e6 Kg8 46.Rc1 Re5 47.Rc8+ Kh7 48.Rd8 d4 49.a4 d3
50.Rxd3 Rxf5 51.Rd7 Re5 52.Rxb7 Rxe6 53.a5 Re2 54.Rb6 Rb2 55.Rxa6 Rxb3 56.Kg2

[Event "2. Bundesliga Mitte 2009/2010"]
[Site "Gleisdorf"]
[Date "2009.10.11"]
[Round "2"]
[Board "4"]
[White "Moser, Guenter"]
[Black "Ebner, Hubert"]
[Result "1/2-1/2"]
[WhiteElo "2327"]
[BlackElo "2194"]
[PlyCount "89"]
[EventDate "2009.10.10"]
[EventType "team"]
[EventRounds "11"]
[EventCountry "AUT"]
[WhiteTeam "Union Ansfelden"]
[BlackTeam "ESV Austria Graz"]

1.d4 g6 2.c4 Nf6 3.Nc3 Bg7 4.e4 d6 5.f3 O-O 6.Be3 a6 7.Bd3 c5 8.Nge2 cxd4 9.Nxd4
Nc6 10.Be2 Bd7 11.Qd2 Nxd4 12.Bxd4 a5 13.O-O Bc6 14.Rac1 Nd7 15.Be3 Nc5 16.Kh1
a4 17.Rc2 Qa5 18.Rb1 Rfc8 19.Qc1 Qd8 20.b4 axb3 21.axb3 e6 22.b4 Na4 23.Nxa4
Bxa4 24.Rd2 Qh4 25.g3 Qe7 26.Bf4 e5 27.Be3 Bd7 28.Qb2 Be6 29.Rc1 f5 30.c5 dxc5
31.bxc5 f4 32.Bg1 fxg3 33.Bc4 Bxc4 34.Rxc4 Qf7 35.Rc3 gxh2 36.Rxh2 Rd8 37.Rd2
Qe7 38.Qb3+ Kh8 39.Rcd3 Qh4+ 40.Rh2 Qe7 41.Rd5 h5 42.Rhd2 Qh4+ 43.Rh2 Qe7
44.Rhd2 Qh4+ 45.Rh2

[Event "2. Bundesliga Mitte 2009/2010"]
[Site "Gleisdorf"]
[Date "2009.10.11"]
[Round "2"]
[Board "5"]
[White "Fahrner, Kurt"]
[Black "Hellmayr, Alois"]
[Result "1-0"]
[WhiteElo "2300"]
[BlackElo "2269"]
[PlyCount "91"]
[EventDate "2009.10.10"]
[EventType "team"]
[EventRounds "11"]
[EventCountry "AUT"]
[WhiteTeam "ESV Austria Graz"]
[BlackTeam "Union Ansfelden"]

1.g3 c5 2.Bg2 g6 3.c4 Bg7 4.Nc3 Nc6 5.a3 d6 6.Rb1 a5 7.d3 Nf6 8.Nf3 O-O 9.O-O
Bd7 10.Bg5 Rb8 11.Qd2 Re8 12.Rfd1 Bg4 13.h3 Bd7 14.Kh2 Bf5 15.Ne1 Bd7 16.Nc2 h5
17.b4 Nh7 18.Bh6 Bh8 19.Be3 b6 20.d4 axb4 21.axb4 cxd4 22.Nxd4 Ne5 23.Qa2 Qc8
24.Ncb5 h4 25.Rbc1 hxg3+ 26.fxg3 Nf6 27.Na7 Qc7 28.Nab5 Qd8 29.Bg5 Bg7 30.Rf1
Kh7 31.Nf3 Nc6 32.Bd2 Rh8 33.c5 Kg8 34.cxd6 exd6 35.Ng5 Ne5 36.Nxd6 Be6 37.Nxe6
Qxd6 38.Nxg7 Kxg7 39.Bf4 Qd4 40.e3 Nfg4+ 41.Kg1 Nxe3 42.Qf2 N5c4 43.Bxb8 Rxb8
44.Rxc4 Qxc4 45.Qxe3 Kg8 46.Qf4

[Event "2. Bundesliga Mitte 2009/2010"]
[Site "Gleisdorf"]
[Date "2009.10.11"]
[Round "2"]
[Board "6"]
[White "Humer, Wolfgang"]
[Black "Aschenbrenner, Robert"]
[Result "0-1"]
[WhiteElo "2207"]
[BlackElo "2262"]
[PlyCount "74"]
[EventDate "2009.10.10"]
[EventType "team"]
[EventRounds "11"]
[EventCountry "AUT"]
[WhiteTeam "Union Ansfelden"]
[BlackTeam "ESV Austria Graz"]

1.Nf3 d5 2.d3 Nf6 3.Nbd2 Bf5 4.g3 h6 5.Bg2 e6 6.O-O Be7 7.c3 O-O 8.Qe1 Bh7 9.e4
c5 10.Qe2 Nc6 11.e5 Nd7 12.a3 Qc7 13.Re1 b5 14.b3 Rfe8 15.h4 f6 16.Bh3 Bd8 17.d4
b4 18.axb4 cxd4 19.Nxd4 Nxd4 20.cxd4 fxe5 21.dxe5 Qc3 22.Ba3 Bb6 23.Kh2 Bd3
24.Qd1 Bxf2 25.Rc1 Bc2 26.Qf3 Qxf3 27.Nxf3 Be4 28.Re2 Bxf3 29.Rxf2 Nxe5 30.Rc7
Be4 31.Bb2 Nf3+ 32.Rxf3 Bxf3 33.Rxg7+ Kf8 34.Be5 Rac8 35.Rxa7 Rc1 36.Bg7+ Kg8
37.Bxh6 Rh1#

[Event "2. Bundesliga Mitte 2009/2010"]
[Site "Gleisdorf"]
[Date "2009.10.11"]
[Round "2"]
[Board "1"]
[White "Horvath, Tamas"]
[Black "Kozul, Zdenko"]
[Result "0-1"]
[WhiteElo "2424"]
[BlackElo "2602"]
[PlyCount "69"]
[EventDate "2009.10.10"]
[EventType "team"]
[EventRounds "11"]
[EventCountry "AUT"]
[WhiteTeam "RbEJ Gleisdorf"]
[BlackTeam "ZH-Technologies Wolfsberg"]

1.e4 c5 2.Nf3 d6 3.d4 cxd4 4.Nxd4 Nf6 5.Nc3 Nc6 6.f3 e5 7.Nb3 Be7 8.Be3 O-O
9.Qd2 Be6 10.Nd5 Bxd5 11.exd5 Nb8 12.Be2 a5 13.a4 Nbd7 14.O-O Nh5 15.Bb5 Ndf6
16.Rfd1 g6 17.c4 b6 18.Bc6 Rc8 19.Qf2 Rb8 20.Nd2 Ng7 21.b4 Nf5 22.Rab1 Nh5
23.bxa5 Nxe3 24.Qxe3 Bg5 25.Qf2 bxa5 26.Rxb8 Qxb8 27.Rb1 Qd8 28.g3 Ng7 29.Rb7
Nf5 30.Nf1 Bh6 31.Qb6 Qf6 32.Qf2 Nd4 33.Kg2 Qf5 34.h4 Qd3 35.h5 {und Schwarz
gewann nach 50 Zügen!}

[Event "2. Bundesliga Mitte 2009/2010"]
[Site "Gleisdorf"]
[Date "2009.10.11"]
[Round "2"]
[Board "2"]
[White "Stevic, Hrvoje"]
[Black "Zsinka, Laszlo"]
[Result "1-0"]
[WhiteElo "2610"]
[BlackElo "2293"]
[PlyCount "141"]
[EventDate "2009.10.10"]
[EventType "team"]
[EventRounds "11"]
[EventCountry "AUT"]
[WhiteTeam "ZH-Technologies Wolfsberg"]
[BlackTeam "RbEJ Gleisdorf"]

1.e4 e5 2.Nf3 Nc6 3.Bb5 a6 4.Ba4 g6 5.c3 d6 6.d4 Bd7 7.O-O Bg7 8.h3 Nge7 9.Be3
O-O 10.Nbd2 Qe8 11.Bb3 Kh8 12.Re1 b6 13.Nf1 Rd8 14.Qc1 Ng8 15.Bc4 a5 16.Ng3 Nce7
17.a3 a4 18.Qc2 Nc6 19.Rad1 Na5 20.Ba2 Nb3 21.dxe5 dxe5 22.Bxb3 axb3 23.Qxb3 Ba4
24.Rxd8 Bxb3 25.Rxe8 Rxe8 26.Nd2 Be6 27.f3 Ne7 28.Rd1 f5 29.exf5 Nxf5 30.Ndf1
Kg8 31.Ne4 h6 32.Bf2 Kf7 33.Ne3 Nxe3 34.Bxe3 Ke7 35.Kf2 Ra8 36.Ke1 Ra4 37.Ra1
Bd5 38.Nd2 Ra8 39.Kd1 g5 40.Kc2 Be6 41.Ne4 Rd8 42.b3 Ra8 43.a4 Bd5 44.c4 Bc6
45.Bd2 Ke6 46.Re1 Kf5 47.Ng3+ Kg6 48.Bc3 Re8 49.a5 h5 50.Ne4 bxa5 51.Bxa5 Re7
52.b4 g4 53.hxg4 hxg4 54.fxg4 Rf7 55.b5 Bb7 56.c5 Bd5 57.c6 Rf4 58.Kd3 Rf7
59.Re2 Be6 60.Rf2 Re7 61.g5 Bf5 62.Ke3 Be6 63.Rb2 Bd5 64.Bxc7 Rxc7 65.b6 Rxc6
66.b7 Rc4 67.Rb6+ Kh5 68.Ng3+ Kg4 69.b8=Q Rc3+ 70.Kf2 Rxg3 71.Rb4+

[Event "2. Bundesliga Mitte 2009/2010"]
[Site "Gleisdorf"]
[Date "2009.10.11"]
[Round "2"]
[Board "3"]
[White "Sandhu, Mario"]
[Black "Jovanovic, Zoran"]
[Result "1/2-1/2"]
[WhiteElo "2316"]
[BlackElo "2526"]
[PlyCount "68"]
[EventDate "2009.10.10"]
[EventType "team"]
[EventRounds "11"]
[EventCountry "AUT"]
[WhiteTeam "RbEJ Gleisdorf"]
[BlackTeam "ZH-Technologies Wolfsberg"]

1.Nf3 c5 2.b3 d6 3.c4 e5 4.d3 Nc6 5.g3 g6 6.Bg5 f6 7.Bd2 Bg7 8.Nc3 Nge7 9.Qc1
O-O 10.Bg2 Be6 11.h4 h5 12.O-O Qd7 13.a3 a5 14.Rb1 b6 15.Ne1 Bh3 16.Nd5 Nxd5
17.cxd5 Nd4 18.Qd1 Qg4 19.Bxh3 Qxh3 20.e3 Nf5 21.Qf3 Bh6 22.Rb2 Ne7 23.e4 Bxd2
24.Rxd2 a4 25.Rb2 f5 26.Qg2 Qxg2+ 27.Nxg2 f4 28.bxa4 Nc8 29.gxf4 exf4 30.Ne1
Rxa4 31.Rb3 f3 32.Kh2 c4 33.dxc4 Rxc4 34.Re3 Rf4

[Event "2. Bundesliga Mitte 2009/2010"]
[Site "Gleisdorf"]
[Date "2009.10.11"]
[Round "2"]
[Board "4"]
[White "Hoelzl, Franz"]
[Black "Wanderer, Thomas"]
[Result "1-0"]
[WhiteElo "2333"]
[BlackElo "2220"]
[PlyCount "81"]
[EventDate "2009.10.10"]
[EventType "team"]
[EventRounds "11"]
[EventCountry "AUT"]
[WhiteTeam "ZH-Technologies Wolfsberg"]
[BlackTeam "RbEJ Gleisdorf"]

1.d4 Nf6 2.Nf3 e6 3.g3 Be7 4.c4 d5 5.Qc2 O-O 6.Nbd2 c5 7.dxc5 Bxc5 8.e3 dxc4
9.Bg2 Qd3 10.Qxc4 Qxc4 11.Nxc4 Nc6 12.a3 a5 13.b3 Rb8 14.Bb2 Rd8 15.Rc1 b6
16.Nfe5 Ne7 17.Ke2 Bb7 18.Bxb7 Rxb7 19.Rhd1 Rxd1 20.Rxd1 Rb8 21.f3 Ng6 22.Nc6
Ra8 23.e4 h6 24.a4 Ne7 25.Nxe7+ Bxe7 26.Bxf6 gxf6 27.Rd7 Bc5 28.Rb7 Ra6 29.f4
Kg7 30.g4 Kg6 31.Kf3 Kg7 32.h3 Kg8 33.e5 fxe5 34.fxe5 Kg7 35.Ke4 Kg6 36.h4 f5+
37.gxf5+ exf5+ 38.Kf4 h5 39.Ne3 Ra8 40.Nxf5 Rg8 41.Ke4

[Event "2. Bundesliga Mitte 2009/2010"]
[Site "Gleisdorf"]
[Date "2009.10.11"]
[Round "2"]
[Board "5"]
[White "Watzka, Horst"]
[Black "Steflitsch, Erich"]
[Result "1/2-1/2"]
[WhiteElo "2311"]
[BlackElo "2371"]
[PlyCount "63"]
[EventDate "2009.10.10"]
[EventType "team"]
[EventRounds "11"]
[EventCountry "AUT"]
[WhiteTeam "RbEJ Gleisdorf"]
[BlackTeam "ZH-Technologies Wolfsberg"]

1.e4 e6 2.d4 d5 3.Nc3 Nf6 4.Bg5 Be7 5.exd5 exd5 6.Bd3 Nc6 7.Nge2 Nb4 8.Ng3 Nxd3+
9.Qxd3 O-O 10.O-O h6 11.Bf4 c6 12.Rfe1 Re8 13.Re2 Bg4 14.Re5 Nd7 15.Ree1 Bf8
16.Rxe8 Qxe8 17.h3 Be6 18.Re1 Qe7 19.Bd2 Nb6 20.Nd1 Nc4 21.Bc1 Qf6 22.b3 Nd6
23.Ne3 Re8 24.Bd2 Bd7 25.c4 Ne4 26.Nd1 Nxg3 27.Rxe8 Bxe8 28.fxg3 dxc4 29.bxc4 c5
30.dxc5 Bxc5+ 31.Kh2 Bc6 32.Be3

[Event "2. Bundesliga Mitte 2009/2010"]
[Site "Gleisdorf"]
[Date "2009.10.11"]
[Round "2"]
[Board "6"]
[White "Wegerer, Fred"]
[Black "Sandner, Wolfgang"]
[Result "0-1"]
[WhiteElo "2215"]
[BlackElo "2224"]
[PlyCount "40"]
[EventDate "2009.10.10"]
[EventType "team"]
[EventRounds "11"]
[EventCountry "AUT"]
[WhiteTeam "ZH-Technologies Wolfsberg"]
[BlackTeam "RbEJ Gleisdorf"]

1.c4 f5 2.Nc3 Nf6 3.e4 d6 4.exf5 Bxf5 5.d4 g6 6.Be2 Bg7 7.g4 Be6 8.g5 Nfd7 9.h4
Bf5 10.Nf3 Nc6 11.d5 Nb4 12.Kf1 Nc2 13.Rb1 Ne5 14.Nxe5 Bxe5 15.Bd3 Nd4 16.Ne4
Qd7 17.f4 Bg4 18.Qe1 Bh3+ 19.Kf2 Qg4 20.Qd1 Qg2+

[Event "2. Bundesliga Mitte 2009/2010"]
[Site "Gleisdorf"]
[Date "2009.10.11"]
[Round "2"]
[Board "1"]
[White "Horvath, Jozsef"]
[Black "Lenic, Luka"]
[Result "1/2-1/2"]
[WhiteElo "2547"]
[BlackElo "2603"]
[PlyCount "60"]
[EventDate "2009.10.10"]
[EventType "team"]
[EventRounds "11"]
[EventCountry "AUT"]
[WhiteTeam "SC Die Klagenfurter"]
[BlackTeam "SV Raika Rapid Feffernitz"]

1.Nf3 Nf6 2.c4 e6 3.g3 b6 4.Bg2 Bb7 5.O-O Be7 6.d4 O-O 7.b3 c5 8.Bb2 cxd4 9.Nxd4
Bxg2 10.Kxg2 Qc8 11.e3 Qb7+ 12.Qf3 Qxf3+ 13.Kxf3 Nc6 14.Nxc6 dxc6 15.Rd1 Rfd8
16.Nc3 Kf8 17.Rxd8+ Rxd8 18.Rd1 Rxd1 19.Nxd1 Nd7 20.Ke2 Bf6 21.Bxf6 Nxf6 22.Nc3
Ke7 23.h3 Nd7 24.f4 e5 25.b4 f5 26.g4 Ke6 27.Kf3 g6 28.gxf5+ gxf5 29.e4 a6 30.b5
axb5